| 000 | 00540nam a22001937a 4500 | ||
|---|---|---|---|
| 003 | OSt | ||
| 005 | 20140310181715.0 | ||
| 008 | 121214t xxu||||| |||| 00| 0 eng d | ||
| 020 | _a971270324x | ||
| 050 |
_aBX 1756 _b.V732 1994 |
||
| 082 |
_aFIL 232.954 _bV71 1993 |
||
| 100 | _aVillegas, Socrates B. | ||
| 245 |
_aOnly Jesus, always Jesus : _cSocrates B. Villegas. _bhomilies at the EDSA shrine / |
||
| 260 |
_aManila : _bAnvil, _c1994. |
||
| 300 |
_a252 p. ; _c 21 cm. |
||
| 650 | _aSermons | ||
| 942 |
_2lcc _cBK _kFIL |
||
| 999 |
_c1725 _d1725 |
||